000 00427nam a22001577a 4500
999 _c4582
_d4582
003 GBCCL
005 20241126110521.0
008 180125b xxu||||| |||| 00| 0 eng d
020 _a0877842736
040 _cgbc
100 _aBaldwin, Joyce G.
_93914
245 _aDaniel:
_bAn Introduction and Commentary /
_cJoyce G. Baldwin
260 _bInter-varsity Press,
_aIllinois:
_c1978
300 _a210 p.;
_c19 cm.
942 _2ddc
_cBK